00000000nam##2200000za#4500
0019.609572
003CaOODSP
00520200327114138
007ta
008150406|1991||||xxc|||||     f|0| 0 eng|d
022 |a0706-6457
040 |aCaOODSP|beng
043 |an-cn---
0861 |aFs97-6/1801E
1101 |aCanada. |bDepartment of Fisheries and Oceans.
24510|aDistribution of lobster larvae on the Scotian Shelf, 1978-1981 / |cby F. L. Watson and R. J. Miller.
260 |aOttawa - Ontario : |bFisheries and Oceans Canada |c1991.
300 |a21p. : |bfigs., references, tables ; |c28 cm.
4901 |aCanadian technical report of fisheries and aquatic sciences|x0706-6457|v1801
500 |aPrepared in the Benthic Fisheries and Aquaculture Division, Biological Sciences Branch, Department of Fisheries and Oceans, P. O. Box 550, Halifax, Nova Scotia B3J 2S7.
546 |aRésumés en français
563 |aSoftcover
7201 |aWatson, F. L.
7201 |aMiller, R. J.
7760#|tDistribution of lobster larvae on the Scotian Shelf, 1978-1981 / |w(CaOODSP)9.573798
830#0|aCanadian technical report of fisheries and aquatic sciences,|x0706-6457|v1801|w(CaOODSP)9.514691